000 00613nam a2200181Ia 4500
008 100921s9999 xx 000 0 und d
082 _b43302
_a891.463 न 09
100 _aकर्णिक हेमन्र.
245 _aवेगवान.
260 _bमंगल दीप प्रकाशन, पुणे.
_c2009
300 _a198
_bकलाभारती वितरण,पुणे
365 _b200
520 _aललित-कादंबरी.
630 _aवेगवान.
650 _aललित-कादंबरी.
730 _aवेगवान.
942 _cBOOK
999 _c792415
_d792412